[Event "Madrid-ch Previa B"]
[Site "Madrid ESP"]
[Date "2016.02.12"]
[Round "4.8"]
[White "Garcia Sanz, Eduardo"]
[Black "Raya Rodriguez, Juan"]
[Result "1-0"]
[WhiteElo "1847"]
[BlackElo "1652"]
[PlyCount "29"]
[EventDate "2016.02.04"]
[EventType "swiss"]
[EventRounds "9"]
[EventCountry "ESP"]
[Source "lmi"]
[SourceDate "2016.02.04"]

1. e4 e5 2. Nf3 Nc6 3. Nc3 Nf6 4. d4 exd4 5. Nd5 d6 6. Bg5 Be7 7. Bb5 Nxd5 8.
exd5 Bxg5 9. Qe2+ Be7 10. dxc6 O-O 11. Nxd4 Bf6 12. O-O-O Re8 13. cxb7 Rxe2 14.
bxa8=Q Bxd4 15. Bxe2 1-0

[Event "Madrid-ch Previa B"]
[Site "Madrid ESP"]
[Date "2016.02.12"]
[Round "4.11"]
[White "Canseco Arenas, Alfonso"]
[Black "Alameda Arellano, Cristeto"]
[Result "0-1"]
[WhiteElo "1697"]
[BlackElo "1520"]
[PlyCount "70"]
[EventDate "2016.02.04"]
[EventType "swiss"]
[EventRounds "9"]
[EventCountry "ESP"]
[Source "lmi"]
[SourceDate "2016.02.04"]

1. a3 d5 2. Nf3 Nf6 3. d4 Bf5 4. Bf4 e6 5. e3 Bd6 6. Bxd6 Qxd6 7. c4 Nbd7 8. c5
Qe7 9. Nc3 c6 10. b4 O-O 11. Be2 e5 12. O-O e4 13. Nh4 Be6 14. g3 Bh3 15. Re1
Ne8 16. Ng2 Bxg2 17. Kxg2 f5 18. Kh1 Nef6 19. Rg1 Ng4 20. Rg2 Qg5 21. Bf1 Rf6
22. Ne2 Nf8 23. Nf4 Rh6 24. h3 Re8 25. Kg1 Nf6 26. h4 Rxh4 27. gxh4 Qxh4 28.
Be2 Ne6 29. Nxe6 Rxe6 30. Qf1 Ng4 31. Bxg4 Rh6 32. f3 fxg4 33. Qe1 Qh1+ 34. Kf2
g3+ 35. Kxg3 Qh4# 0-1

[Event "Madrid-ch Previa B"]
[Site "Madrid ESP"]
[Date "2016.02.12"]
[Round "4.13"]
[White "Barragan Panal, Juan Jose"]
[Black "Ochoa Gonzalez, Hugo"]
[Result "1-0"]
[WhiteElo "1681"]
[BlackElo "1346"]
[PlyCount "139"]
[EventDate "2016.02.04"]
[EventType "swiss"]
[EventRounds "9"]
[EventCountry "ESP"]
[Source "lmi"]
[SourceDate "2016.02.04"]

1. Nf3 g6 2. d4 Bg7 3. c3 Nf6 4. Bg5 d6 5. Nbd2 Nbd7 6. e3 O-O 7. Bd3 c5 8. O-O
b6 9. h3 Bb7 10. Re1 h6 11. Bf4 Qc7 12. Qc2 Rfe8 13. e4 e5 14. dxe5 Nxe5 15.
Nxe5 dxe5 16. Bh2 Rad8 17. Be2 Bc6 18. b4 Ba8 19. b5 c4 20. Bxc4 Nxe4 21. Bxf7+
Qxf7 22. Nxe4 Qd5 23. Qb3 Qxb3 24. axb3 Re6 25. f3 Re7 26. Rad1 Rc8 27. c4 Bf8
28. Rd3 Rcc7 29. Nf6+ Kf7 30. Nd5 Bxd5 31. Rxd5 Rcd7 32. Red1 Rxd5 33. Rxd5 Bg7
34. Kf2 e4 35. fxe4 Rxe4 36. Rd7+ Re7 37. Rxe7+ Kxe7 38. Bb8 Bd4+ 39. Kf3 Bc5
40. Bxa7 Kf6 41. b4 Bxb4 42. Bxb6 Ke6 43. Ke4 Kd6 44. c5+ Bxc5 45. Bxc5+ Kxc5
46. Ke5 Kxb5 47. Kf6 g5 48. Kg6 Kc5 49. Kxh6 Kd5 50. Kxg5 Ke6 51. Kg6 Ke7 52.
Kg7 Ke6 53. g4 Ke5 54. h4 Kf4 55. h5 Kg5 56. h6 Kxg4 57. h7 Kf4 58. h8=Q Ke4
59. Qh5 Kf4 60. Kf6 Ke4 61. Qg5 Kd4 62. Qf5 Ke3 63. Qg4 Kd3 64. Qf4 Ke2 65. Qg3
Kf1 66. Qh2 Ke1 67. Ke5 Kd1 68. Kd4 Kc1 69. Kc3 Kd1 70. Qd2# 1-0

[Event "Madrid-ch Previa B"]
[Site "Madrid ESP"]
[Date "2016.02.12"]
[Round "4.14"]
[White "Caravantes Camacho, Fernando"]
[Black "Fernandez Estremera, Fernando"]
[Result "0-1"]
[WhiteElo "1634"]
[BlackElo "1589"]
[PlyCount "74"]
[EventDate "2016.02.04"]
[EventType "swiss"]
[EventRounds "9"]
[EventCountry "ESP"]
[Source "lmi"]
[SourceDate "2016.02.04"]

1. e4 c5 2. Nf3 e6 3. d4 cxd4 4. Nxd4 a6 5. a3 Qc7 6. Nc3 Nf6 7. Be2 Be7 8. Be3
O-O 9. Bf3 d6 10. O-O Nbd7 11. g3 Ne5 12. Bg2 Nc4 13. Bc1 Rb8 14. b3 Nxa3 15.
Bxa3 Qxc3 16. e5 Ne8 17. Bxd6 Nxd6 18. exd6 Bxd6 19. Ne2 Qc7 20. Ra4 Rd8 21.
Rc4 Qe7 22. Qa1 e5 23. Nc3 Be6 24. Ra4 Bc7 25. Rd1 Rxd1+ 26. Qxd1 Rd8 27. Qe2
Bb8 28. Qe3 Qc7 29. Ne4 Rd1+ 30. Bf1 Bh3 31. Nd2 Qd7 32. g4 Bxg4 33. Ne4 Bh3
34. Ng3 f5 35. Qc3 f4 36. Rc4 fxg3 37. Rc8+ Qxc8 0-1

[Event "Madrid-ch Previa B"]
[Site "Madrid ESP"]
[Date "2016.02.12"]
[Round "4.15"]
[White "Ruiz Bazaga, Miriam"]
[Black "Garcia Pardo, Maria del Carmen"]
[Result "1/2-1/2"]
[WhiteElo "1590"]
[BlackElo "1429"]
[PlyCount "56"]
[EventDate "2016.02.04"]
[EventType "swiss"]
[EventRounds "9"]
[EventCountry "ESP"]
[Source "lmi"]
[SourceDate "2016.02.04"]

1. e4 e5 2. Nf3 Nc6 3. Bc4 Bc5 4. Nc3 Nf6 5. d3 h6 6. O-O d6 7. Be3 Bb6 8. Rb1
Na5 9. Bxb6 axb6 10. Bb3 Nxb3 11. axb3 Bg4 12. Re1 Nh7 13. h3 Bh5 14. g4 Bg6
15. Ne2 Ng5 16. Kg2 Nxf3 17. Kxf3 Qf6+ 18. Kg2 h5 19. f3 Qh4 20. Rh1 Kd7 21.
Ng3 Rae8 22. d4 Qf6 23. d5 Qf4 24. Qd3 hxg4 25. hxg4 Rxh1 26. Rxh1 Ra8 27. Ne2
Qg5 28. Nc3 Qd8 1/2-1/2

[Event "Madrid-ch Previa B"]
[Site "Madrid ESP"]
[Date "2016.02.13"]
[Round "5.1"]
[White "Molina Garcia, Francisco J"]
[Black "Yeves Miquel, Enrique"]
[Result "1/2-1/2"]
[WhiteElo "1876"]
[BlackElo "1836"]
[PlyCount "32"]
[EventDate "2016.02.04"]
[EventType "swiss"]
[EventRounds "9"]
[EventCountry "ESP"]
[Source "lmi"]
[SourceDate "2016.02.04"]

1. d4 Nf6 2. c4 e6 3. Nc3 Bb4 4. e3 O-O 5. Bd3 c5 6. Nge2 cxd4 7. exd4 d5 8.
Bg5 dxc4 9. Bxc4 Qc7 10. Bd3 Nd5 11. Qc2 h6 12. Bh4 Nc6 13. Bg3 Qd8 14. O-O Bd6
15. Bxd6 Qxd6 16. a3 Nf4 1/2-1/2

[Event "Madrid-ch Previa B"]
[Site "Madrid ESP"]
[Date "2016.02.13"]
[Round "5.2"]
[White "Sirera Ripoll, Jose Luis"]
[Black "Ocaña Lameiro, Oliver"]
[Result "1/2-1/2"]
[WhiteElo "1807"]
[BlackElo "1932"]
[PlyCount "76"]
[EventDate "2016.02.04"]
[EventType "swiss"]
[EventRounds "9"]
[EventCountry "ESP"]
[Source "lmi"]
[SourceDate "2016.02.04"]

1. e4 c6 2. d4 d5 3. exd5 cxd5 4. Bd3 Nf6 5. c3 Nc6 6. Bf4 g6 7. Nd2 Bg7 8.
Ngf3 Nh5 9. Be3 O-O 10. O-O e5 11. dxe5 Nxe5 12. Be2 Ng4 13. Bd4 Nf4 14. Bxg7
Kxg7 15. Re1 Qb6 16. Nd4 Nxe2+ 17. Rxe2 Qxb2 18. Ne4 Qa3 19. Nb5 Qa5 20. Qxd5
Rd8 21. Qb3 Be6 22. c4 a6 23. Qb2+ Kg8 24. Nbd6 Qe5 25. Qxe5 Nxe5 26. c5 Rab8
27. Rb1 Nc4 28. f3 Nxd6 29. Nxd6 b6 30. Reb2 b5 31. a4 Rxd6 32. cxd6 Rd8 33.
axb5 axb5 34. Rxb5 Rxd6 35. Kf2 Rd2+ 36. Kg3 h5 37. R1b2 Rd3 38. Kf4 Kg7
1/2-1/2

[Event "Madrid-ch Previa B"]
[Site "Madrid ESP"]
[Date "2016.02.13"]
[Round "5.3"]
[White "Serrano Garcia, Vicente"]
[Black "Camarero Izquierdo, Juan Carlos"]
[Result "1/2-1/2"]
[WhiteElo "1826"]
[BlackElo "1833"]
[PlyCount "108"]
[EventDate "2016.02.04"]
[EventType "swiss"]
[EventRounds "9"]
[EventCountry "ESP"]
[Source "lmi"]
[SourceDate "2016.02.04"]

1. d4 f5 2. Nc3 e6 3. e4 Bb4 4. a3 Bxc3+ 5. bxc3 Nf6 6. exf5 exf5 7. Nf3 O-O 8.
Bg5 Qe8+ 9. Be2 Ne4 10. Qd3 d5 11. Bf4 c6 12. c4 Nd7 13. O-O Ndf6 14. Nd2 Be6
15. c5 Nd7 16. Nb3 g5 17. Bd6 Rf6 18. f3 Nxd6 19. cxd6 Rh6 20. f4 g4 21. Nc5
Nxc5 22. dxc5 Qh5 23. Qg3 b6 24. h3 bxc5 25. hxg4 fxg4 26. f5 Bxf5 27. Rxf5
Qxf5 28. Bxg4 Qf6 29. Be6+ Kh8 30. Re1 Qd4+ 31. Qe3 Rxe6 32. Qxd4+ cxd4 33.
Rxe6 Rd8 34. d7 Rxd7 35. Rxc6 Kg7 36. Kf2 Kf7 37. Ke2 Re7+ 38. Kd3 Re3+ 39.
Kxd4 Rxa3 40. Kxd5 a5 41. c4 Rg3 42. Rc7+ Kg6 43. Rc8 Kh5 44. c5 Rxg2 45. Ra8
Rd2+ 46. Kc6 Kg4 47. Rxa5 h5 48. Ra4+ Kg3 49. Kb7 h4 50. c6 h3 51. c7 h2 52.
Ra3+ Kh4 53. Ra1 Rb2+ 54. Ka7 Rc2 1/2-1/2

[Event "Madrid-ch Previa B"]
[Site "Madrid ESP"]
[Date "2016.02.13"]
[Round "5.4"]
[White "Sotoca Aguado, Jose"]
[Black "Perea Blanco, David"]
[Result "0-1"]
[WhiteElo "1928"]
[BlackElo "1884"]
[PlyCount "108"]
[EventDate "2016.02.04"]
[EventType "swiss"]
[EventRounds "9"]
[EventCountry "ESP"]
[Source "lmi"]
[SourceDate "2016.02.04"]

1. e4 e5 2. Nf3 Nc6 3. Bb5 a6 4. Ba4 Nf6 5. O-O b5 6. Bb3 Bb7 7. d3 Be7 8. Bg5
d6 9. c3 O-O 10. Nbd2 Na5 11. Bc2 c5 12. Re1 Re8 13. Nf1 Bf8 14. h3 g6 15. N3h2
Bg7 16. Ng4 h5 17. Nge3 Qc7 18. Qf3 Nh7 19. Bh4 f5 20. Nd5 Bxd5 21. exd5 c4 22.
Qg3 Qf7 23. f4 cxd3 24. Bxd3 e4 25. Bc2 Nc4 26. b3 Na3 27. Bd1 b4 28. Rc1 bxc3
29. Ne3 Rec8 30. Be2 Bd4 31. Kh1 Bxe3 32. Qxe3 c2 33. g4 hxg4 34. hxg4 Qxd5 35.
Rg1 Kf8 36. gxf5 gxf5 37. Qg3 Rc7 38. Qg6 Raa7 39. Bc4 Nxc4 40. bxc4 Rxc4 41.
Qh6+ Ke8 42. Qh5+ Rf7 43. Rg2 e3 44. Bg3 Nf6 45. Qh8+ Kd7 46. Qb8 Qd1+ 47. Rg1
Rh7+ 48. Bh2 Rxh2+ 49. Kxh2 Qh5+ 50. Kg2 Qg4+ 51. Kh2 Qxf4+ 52. Rg3 Qf2+ 53.
Kh3 Ng4 54. Rg2 Qf3+ 0-1

[Event "Madrid-ch Previa B"]
[Site "Madrid ESP"]
[Date "2016.02.13"]
[Round "5.5"]
[White "San Vicente Cosculluela, Jose Luis"]
[Black "Barragan Arriaza, Pablo"]
[Result "1-0"]
[WhiteElo "1812"]
[BlackElo "1616"]
[PlyCount "153"]
[EventDate "2016.02.04"]
[EventType "swiss"]
[EventRounds "9"]
[EventCountry "ESP"]
[Source "lmi"]
[SourceDate "2016.02.04"]

1. e4 d6 2. d4 Nf6 3. Nc3 g6 4. Be3 Bg7 5. Qd2 O-O 6. f3 e5 7. O-O-O exd4 8.
Bxd4 Nc6 9. Be3 Be6 10. Bh6 Qe7 11. Bxg7 Kxg7 12. g4 h5 13. g5 Nd7 14. Nd5 Qd8
15. f4 Bxd5 16. exd5 Ne7 17. Qd4+ Kg8 18. Bh3 Re8 19. Nf3 Nf8 20. Rhg1 a5 21.
Nh4 b5 22. f5 Qb8 23. fxg6 Nfxg6 24. Rdf1 Qa7 25. Qxa7 Rxa7 26. Nxg6 Nxg6 27.
Bd7 Rb8 28. Rf6 b4 29. Rgf1 Ne5 30. Bc6 Nxc6 31. dxc6 Rf8 32. g6 Kg7 33. gxf7
Ra6 34. R6f5 Kg6 35. h4 Rxc6 36. Rg5+ Kh7 37. Rxh5+ Kg6 38. Rg5+ Kh7 39. Rxa5
Rc4 40. Rh5+ Kg6 41. Rg5+ Kh7 42. h5 Re4 43. Kd2 Re7 44. Rgf5 c5 45. c3 Ra7 46.
cxb4 cxb4 47. Kc2 Rxa2 48. Kb3 Ra7 49. Kxb4 Rb7+ 50. Kc3 Rc7+ 51. Kd4 Rc2 52.
R1f2 Rc1 53. Kd5 Re1 54. Kxd6 Rd8+ 55. Kc7 Rf8 56. b4 Rc1+ 57. Kb7 Re1 58. b5
Re7+ 59. Kc6 Re1 60. b6 Re6+ 61. Kc7 Re7+ 62. Kd6 Rb7 63. Kc6 Re7 64. b7 Re1
65. Rc5 Rb1 66. Kc7 Kh6 67. Rf6+ Kg7 68. Rg6+ Kh7 69. Rf6 Kg7 70. Rff5 Rb2 71.
Rc6 Rb1 72. Rff6 Rb2 73. Rg6+ Kh7 74. Rh6+ Kg7 75. Rcg6+ Kxf7 76. Rh7+ Ke8 77.
Re6# 1-0

[Event "Madrid-ch Previa B"]
[Site "Madrid ESP"]
[Date "2016.02.13"]
[Round "5.6"]
[White "Cruz Gonzalez, Antonio"]
[Black "Garcia Serrano, Jose M"]
[Result "1-0"]
[WhiteElo "1709"]
[BlackElo "1917"]
[PlyCount "77"]
[EventDate "2016.02.04"]
[EventType "swiss"]
[EventRounds "9"]
[EventCountry "ESP"]
[Source "lmi"]
[SourceDate "2016.02.04"]

1. e4 e5 2. Bb5 Nc6 3. d3 a6 4. Ba4 Bc5 5. f4 d6 6. Nf3 Nf6 7. c3 Qe7 8. Qe2 b5
9. Bc2 h6 10. Be3 Bxe3 11. Qxe3 Ng4 12. Qd2 f5 13. h3 Nf6 14. fxe5 dxe5 15. O-O
f4 16. Qf2 g5 17. d4 Nh5 18. Nxe5 Nxe5 19. dxe5 g4 20. Bd1 Rg8 21. Nd2 Be6 22.
hxg4 Bxg4 23. Bxg4 Rxg4 24. Nf3 Kf7 25. Qd4 Rag8 26. Rf2 Ng3 27. Rd1 h5 28. e6+
Ke8 29. Qd5 Kf8 30. Qc6 Rh4 31. Rfd2 Rh1+ 32. Kf2 Nxe4+ 33. Qxe4 Qc5+ 34. Nd4
Rh2 35. Qxf4+ Kg7 36. Qxh2 Rf8+ 37. Kg1 Qg5 38. Qxc7+ Kh6 39. Re2 1-0

[Event "Madrid-ch Previa B"]
[Site "Madrid ESP"]
[Date "2016.02.13"]
[Round "5.7"]
[White "Tapia Sanchez, Jose Manuel"]
[Black "Morera Rodriguez, Ignacio"]
[Result "1-0"]
[WhiteElo "1699"]
[BlackElo "1895"]
[PlyCount "91"]
[EventDate "2016.02.04"]
[EventType "swiss"]
[EventRounds "9"]
[EventCountry "ESP"]
[Source "lmi"]
[SourceDate "2016.02.04"]

1. e4 c5 2. Nf3 d6 3. d4 cxd4 4. Nxd4 Nf6 5. f3 a6 6. c4 e5 7. Nc2 Bd7 8. Nc3
Be7 9. Be2 Bc6 10. Be3 Nbd7 11. Qd2 h6 12. b4 Nb6 13. a4 a5 14. b5 Bd7 15. Nd5
Nfxd5 16. cxd5 Bg5 17. O-O Rc8 18. Rfc1 Bxe3+ 19. Nxe3 O-O 20. Qxa5 Ra8 21. Qb4
Qg5 22. Nf1 Bh3 23. g3 Rxa4 24. Rxa4 Qxc1 25. Ra2 Rc8 26. Qd2 Qc5+ 27. Ne3 Qc1+
28. Nf1 Qc7 29. Ne3 Nd7 30. Rc2 Nc5 31. g4 Qe7 32. Nf5 Qf6 33. Qe3 Ra8 34. Kf2
h5 35. Kg3 hxg4 36. fxg4 Ra4 37. Rxc5 dxc5 38. Kxh3 g6 39. g5 Qh8+ 40. Nh6+ Kg7
41. Qxc5 Rxe4 42. Bf3 Rf4 43. Kg3 Qd8 44. h4 Qa8 45. d6 Rxf3+ 46. Kxf3 1-0

[Event "Madrid-ch Previa B"]
[Site "Madrid ESP"]
[Date "2016.02.13"]
[Round "5.8"]
[White "Leniz Martinez, Francisco"]
[Black "Garcia Sanz, Eduardo"]
[Result "1-0"]
[WhiteElo "1690"]
[BlackElo "1847"]
[PlyCount "61"]
[EventDate "2016.02.04"]
[EventType "swiss"]
[EventRounds "9"]
[EventCountry "ESP"]
[Source "lmi"]
[SourceDate "2016.02.04"]

1. e4 c5 2. Nf3 e6 3. d4 cxd4 4. Nxd4 Nf6 5. Nc3 Nc6 6. Ndb5 Bb4 7. a3 Bxc3+ 8.
Nxc3 d5 9. exd5 exd5 10. Bd3 Bg4 11. f3 Qe7+ 12. Qe2 Qxe2+ 13. Nxe2 Be6 14. O-O
O-O 15. Bg5 Nd7 16. c3 Nde5 17. Bc2 f6 18. Bf4 Rac8 19. Rfc1 g5 20. Bg3 Rfd8
21. Bf2 Rc7 22. Nd4 Nxd4 23. Bxd4 Bf7 24. Bxa7 Nc4 25. Bd4 Rd6 26. b3 Na5 27.
Re1 Bg6 28. Bxg6 hxg6 29. Rab1 Kf7 30. a4 Re6 31. Rxe6 1-0

[Event "Madrid-ch Previa B"]
[Site "Madrid ESP"]
[Date "2016.02.13"]
[Round "5.9"]
[White "Alameda Arellano, Cristeto"]
[Black "Cuellar Gutierrez, Raul"]
[Result "0-1"]
[WhiteElo "1520"]
[BlackElo "1797"]
[PlyCount "83"]
[EventDate "2016.02.04"]
[EventType "swiss"]
[EventRounds "9"]
[EventCountry "ESP"]
[Source "lmi"]
[SourceDate "2016.02.04"]

1. d4 Nf6 2. c4 g6 3. Nc3 Bg7 4. e4 d6 5. Nf3 O-O 6. Be2 Qe8 7. O-O e5 8. d5 a5
9. Be3 Na6 10. a3 Bd7 11. Rc1 Ng4 12. Bd2 f5 13. h3 Nf6 14. Bd3 Nc5 15. Qe2
Nxd3 16. Qxd3 fxe4 17. Nxe4 Bf5 18. Nxf6+ Rxf6 19. Qb3 b6 20. Bg5 Rf7 21. Qe3
Qf8 22. Qd2 Bxh3 23. Nxe5 Bxe5 24. f4 Bxg2 25. Kxg2 Bg7 26. Rce1 Re8 27. Re6
Rc8 28. Qe2 Bf6 29. Bxf6 Rxf6 30. Re7 Qh6 31. Qg4 Qf8 32. Qd7 Rd8 33. Qxc7 Re8
34. Rxe8 Qxe8 35. Qxb6 Qe4+ 36. Kg1 Rf5 37. Qd8+ Kg7 38. Qxd6 Rh5 39. Qd7+ Kh6
40. Qg4 Rh1+ 41. Kf2 Rh2+ 42. Kg1 0-1

[Event "Madrid-ch Previa B"]
[Site "Madrid ESP"]
[Date "2016.02.13"]
[Round "5.10"]
[White "Fernandez Estremera, Fernando"]
[Black "Barragan Panal, Juan Jose"]
[Result "1/2-1/2"]
[WhiteElo "1589"]
[BlackElo "1681"]
[PlyCount "82"]
[EventDate "2016.02.04"]
[EventType "swiss"]
[EventRounds "9"]
[EventCountry "ESP"]
[Source "lmi"]
[SourceDate "2016.02.04"]

1. d4 Nf6 2. c4 e6 3. Nc3 Bb4 4. Qc2 c5 5. e3 Nc6 6. Nf3 d5 7. dxc5 Ne4 8. Bd3
f5 9. a3 Bxc3+ 10. bxc3 Nxc5 11. Bb2 O-O 12. Rd1 e5 13. cxd5 Nxd3+ 14. Qxd3 e4
15. Qb5 exf3 16. dxc6 fxg2 17. Rg1 Qb6 18. Qxb6 axb6 19. Rxg2 bxc6 20. c4 g6
21. h4 Be6 22. h5 Bf7 23. Rd6 Rac8 24. Rd7 Rfd8 25. Ra7 Kf8 26. hxg6 Bxg6 27.
Bf6 Re8 28. Bg7+ Kg8 29. Bh6 c5 30. Rb7 Rc6 31. Ra7 Rce6 32. Kd2 R8e7 33. Rxe7
Rxe7 34. Kc3 Ra7 35. Kb3 Kf7 36. Rg1 Ke6 37. Bf4 Ke7 38. Rd1 Rd7 39. Rxd7+ Kxd7
40. Kc3 Kc6 41. Kb3 Bh5 1/2-1/2

[Event "Madrid-ch Previa B"]
[Site "Madrid ESP"]
[Date "2016.02.13"]
[Round "5.11"]
[White "Raya Rodriguez, Juan"]
[Black "Tronch Ilzarbe, Carlos Maria"]
[Result "0-1"]
[WhiteElo "1652"]
[BlackElo "1744"]
[PlyCount "86"]
[EventDate "2016.02.04"]
[EventType "swiss"]
[EventRounds "9"]
[EventCountry "ESP"]
[Source "lmi"]
[SourceDate "2016.02.04"]

1. d4 Nf6 2. Nf3 e6 3. Bg5 Be7 4. e3 b6 5. Bd3 Bb7 6. Nbd2 d5 7. c3 Nbd7 8. O-O
O-O 9. Ne5 Ne4 10. Bxe7 Qxe7 11. f3 Nxe5 12. dxe5 Nc5 13. Bc2 Ba6 14. Rf2 Nd3
15. Bxd3 Bxd3 16. Nb3 Ba6 17. f4 c5 18. a4 Rad8 19. Qc2 f6 20. exf6 Rxf6 21.
Rd1 e5 22. f5 e4 23. g4 Rfd6 24. Rg2 Qe5 25. Qf2 Bc4 26. Qc2 Kh8 27. Nc1 Ba6
28. Ne2 Bd3 29. Qc1 Bxe2 30. Rxe2 h5 31. gxh5 Qxf5 32. Rf1 Qxh5 33. Rg2 Rg6 34.
Qc2 Rdd6 35. Rf8+ Kh7 36. Rff2 Rxg2+ 37. Rxg2 Rf6 38. c4 Qf3 39. Kh1 d4 40.
exd4 cxd4 41. Qc1 Qf1+ 42. Rg1 Qxc1 43. Rxc1 e3 0-1

[Event "Madrid-ch Previa B"]
[Site "Madrid ESP"]
[Date "2016.02.13"]
[Round "5.12"]
[White "Garcia Pardo, Maria del Carmen"]
[Black "Canseco Arenas, Alfonso"]
[Result "1-0"]
[WhiteElo "1429"]
[BlackElo "1697"]
[PlyCount "61"]
[EventDate "2016.02.04"]
[EventType "swiss"]
[EventRounds "9"]
[EventCountry "ESP"]
[Source "lmi"]
[SourceDate "2016.02.04"]

1. e4 c5 2. Nf3 d6 3. d4 cxd4 4. Nxd4 Nf6 5. Nc3 e6 6. Be3 Be7 7. Qd2 Nc6 8. f3
a6 9. g4 O-O 10. h4 Nd7 11. h5 Nde5 12. Be2 Nxd4 13. Qxd4 Bf6 14. Qd2 b5 15. g5
Be7 16. h6 g6 17. f4 Nd7 18. Qd4 e5 19. Qd2 Bb7 20. Nd5 Bxd5 21. exd5 Re8 22.
Rg1 Rc8 23. O-O-O exf4 24. Bxf4 Ne5 25. Bxe5 dxe5 26. d6 Bxd6 27. Qxd6 Qa5 28.
Qf6 Kf8 29. Rd7 Rxc2+ 30. Kxc2 Qa4+ 31. Kb1 1-0

[Event "Madrid-ch Previa B"]
[Site "Madrid ESP"]
[Date "2016.02.13"]
[Round "5.13"]
[White "Ochoa Gonzalez, Hugo"]
[Black "Alvear Zapata, Juan Pablo"]
[Result "1/2-1/2"]
[WhiteElo "1346"]
[BlackElo "1447"]
[PlyCount "143"]
[EventDate "2016.02.04"]
[EventType "swiss"]
[EventRounds "9"]
[EventCountry "ESP"]
[Source "lmi"]
[SourceDate "2016.02.04"]

1. e4 Nf6 2. Nc3 d5 3. e5 d4 4. exf6 dxc3 5. fxg7 cxd2+ 6. Qxd2 Qxd2+ 7. Bxd2
Bxg7 8. c3 Bf5 9. Bc4 Be4 10. Nf3 Nd7 11. Ng5 Ne5 12. Bxf7+ Nxf7 13. Nxe4 O-O-O
14. O-O-O Ne5 15. Kb1 Nd3 16. Be3 Rhf8 17. Rhf1 Rf5 18. Kc2 Rfd5 19. Ng5 R8d7
20. Ne6 Bf6 21. Nf8 R7d6 22. Nxh7 c5 23. Nxf6 exf6 24. Bd4 c4 25. Bxa7 Ra5 26.
Bd4 Rxa2 27. Rb1 b5 28. Rfd1 b4 29. Bc5 b3+ 30. Kd2 Nxc5+ 31. Ke3 Nd3 32. h4
Rc6 33. Kd4 Nxb2 34. Re1 Rd6+ 35. Kc5 Kd7 36. Rf1 Nd3+ 37. Kxc4 b2 38. h5 Ra4+
39. Kb3 Rh4 40. Rh1 Nc1+ 41. Kxb2 Rxh1 42. Kc2 Rxh5 43. Rxc1 Rg5 44. g3 Rdd5
45. c4 Rdf5 46. Rd1+ Kc6 47. Rd2 Rf3 48. Kd1 Kc5 49. Ra2 Kxc4 50. g4 Rd3+ 51.
Ke2 Re5+ 52. Kf1 Rd1+ 53. Kg2 Rg5 54. Kh2 Rd4 55. Kh3 Rgxg4 56. f3 Rg5 57. f4
Rf5 58. Kg3 Rfxf4 59. Ra6 f5 60. Ra5 Rg4+ 61. Kf3 Rd3+ 62. Kf2 f4 63. Ra4+ Kb3
64. Re4 Re3 65. Rd4 Kc3 66. Ra4 Kb3 67. Rd4 Rc3 68. Re4 Rc2+ 69. Kf3 Rc4 70.
Rxc4 Kxc4 71. Kxg4 f3 72. Kxf3 1/2-1/2

[Event "Madrid-ch Previa B"]
[Site "Madrid ESP"]
[Date "2016.02.13"]
[Round "5.14"]
[White "Caravantes Camacho, Fernando"]
[Black "Ruiz Bazaga, Miriam"]
[Result "1-0"]
[WhiteElo "1634"]
[BlackElo "1590"]
[PlyCount "63"]
[EventDate "2016.02.04"]
[EventType "swiss"]
[EventRounds "9"]
[EventCountry "ESP"]
[Source "lmi"]
[SourceDate "2016.02.04"]

1. e4 e5 2. Nf3 Nc6 3. Bc4 Bc5 4. c3 Nf6 5. d4 exd4 6. cxd4 Bb4+ 7. Nc3 Nxe4 8.
O-O Bxc3 9. bxc3 d5 10. Bb5 O-O 11. Qd3 Re8 12. Ne5 Bd7 13. Nxd7 Qxd7 14. Ba3
a6 15. Ba4 b5 16. Bc2 Na5 17. f3 Nf6 18. Rae1 Nc4 19. Bc1 h6 20. g4 g5 21. h4
Qd6 22. Kg2 gxh4 23. f4 Rxe1 24. Rxe1 Ne4 25. Rxe4 dxe4 26. Qxe4 Rd8 27. Kh3
Qg6 28. f5 Qf6 29. Bf4 c6 30. Be5 Nxe5 31. dxe5 Qe7 32. f6 1-0

[Event "Madrid-ch Previa B"]
[Site "Madrid ESP"]
[Date "2016.02.19"]
[Round "6.1"]
[White "Ocaña Lameiro, Oliver"]
[Black "Yeves Miquel, Enrique"]
[Result "1/2-1/2"]
[WhiteElo "1932"]
[BlackElo "1836"]
[PlyCount "94"]
[EventDate "2016.02.04"]
[EventType "swiss"]
[EventRounds "9"]
[EventCountry "ESP"]
[Source "lmi"]
[SourceDate "2016.02.04"]

1. Nf3 Nf6 2. g3 e6 3. Bg2 c5 4. O-O d5 5. d4 Nc6 6. c4 dxc4 7. Qa4 Bd7 8. Qxc4
cxd4 9. Nxd4 Rc8 10. Nxc6 Bxc6 11. Bxc6+ Rxc6 12. Qb5 Qb6 13. Qxb6 Rxb6 14. b3
Bc5 15. Nc3 Bd4 16. Bb2 Rc6 17. Rac1 Nd5 18. Na4 Bxb2 19. Rxc6 bxc6 20. Nxb2
Nc3 21. e3 Ke7 22. Nc4 Rc8 23. f3 Rc7 24. Rf2 Nd5 25. e4 Nb6 26. Na5 Kd6 27.
Rc2 c5 28. Kf2 e5 29. f4 exf4 30. gxf4 f6 31. h4 h5 32. Ke3 Rd7 33. Rd2+ Kc7
34. Rxd7+ Nxd7 35. Nc4 Kc6 36. f5 Ne5 37. Nxe5+ fxe5 38. Kd3 Kb5 39. Kc3 a6 40.
a3 Kb6 41. a4 Kc6 42. b4 cxb4+ 43. Kxb4 Kb6 44. Kc4 Kc6 45. Kb4 Kb6 46. Kc4 Kc6
47. Kb4 Kb6 1/2-1/2

[Event "Madrid-ch Previa B"]
[Site "Madrid ESP"]
[Date "2016.02.19"]
[Round "6.2"]
[White "Perea Blanco, David"]
[Black "Molina Garcia, Francisco J"]
[Result "1/2-1/2"]
[WhiteElo "1884"]
[BlackElo "1876"]
[PlyCount "49"]
[EventDate "2016.02.04"]
[EventType "swiss"]
[EventRounds "9"]
[EventCountry "ESP"]
[Source "lmi"]
[SourceDate "2016.02.04"]

1. d4 d5 2. Nf3 Nf6 3. g3 e6 4. Bg2 Be7 5. c4 O-O 6. O-O dxc4 7. Ne5 Nc6 8.
Nxc6 bxc6 9. Nc3 Rb8 10. Bxc6 Nd5 11. e4 Nb4 12. Bb5 Nd3 13. Be3 Nxb2 14. Qe2
c5 15. dxc5 Nd3 16. Bxc4 Nxc5 17. Rfd1 Qa5 18. Rac1 Bb7 19. f3 Rfd8 20. Rxd8+
Rxd8 21. Nb5 a6 22. Nd4 Bf6 23. Nb3 Nxb3 24. axb3 Bd4 25. Bxd4 1/2-1/2

[Event "Madrid-ch Previa B"]
[Site "Madrid ESP"]
[Date "2016.02.19"]
[Round "6.3"]
[White "Camarero Izquierdo, Juan Carlos"]
[Black "San Vicente Cosculluela, Jose Luis"]
[Result "0-1"]
[WhiteElo "1833"]
[BlackElo "1812"]
[PlyCount "92"]
[EventDate "2016.02.04"]
[EventType "swiss"]
[EventRounds "9"]
[EventCountry "ESP"]
[Source "lmi"]
[SourceDate "2016.02.04"]

1. d4 e6 2. Nc3 d5 3. e4 h6 4. e5 c5 5. Nf3 Nc6 6. Bb5 Bd7 7. Bxc6 Bxc6 8. O-O
Rc8 9. Ne2 cxd4 10. Nfxd4 Bc5 11. Kh1 Ne7 12. f4 g6 13. c3 h5 14. Qd3 a6 15.
Qh3 Nf5 16. Nxf5 gxf5 17. Be3 Bxe3 18. Qxe3 Bb5 19. Rfd1 Bxe2 20. Qxe2 h4 21.
h3 Qb6 22. Rd4 Rg8 23. Rad1 Rg3 24. R1d2 Qb5 25. Qd1 Rc4 26. a4 Qc6 27. Qh5
Rxd4 28. Rxd4 Re3 29. Qxh4 Re2 30. Qh8+ Ke7 31. Qf6+ Ke8 32. Qh8+ Ke7 33. Qh4+
Ke8 34. Rb4 a5 35. Rb5 d4 36. Qg3 d3 37. Rb6 Qxb6 38. Qg8+ Ke7 39. Qg5+ Kd7 40.
Qf6 Qd8 41. Qxf7+ Qe7 42. Qh5 Re1+ 43. Kh2 d2 44. Qf3 d1=Q 45. Qxb7+ Ke8 46.
Qc8+ Kf7 0-1